000 01356nam0a2200373 4500
001 RU\NLR\bibl\817587
005 20260607071120.0
010 _a5-17-026702-9
_bИзд-во АСТ
010 _a5-271-10054-5
_bИзд-во Астрель
_910000
021 _aRU
_b2005-14489
_9738
035 _aRSL-KNO-002581767
035 _a(NLR Aleph) 000806515
090 _a1214211
_c1214211
100 _a20050315d2004 |||y0rusy50 ca
101 0 _arus
102 _aRU
105 _aa |||||||||
106 _ar
200 1 _aЕжик в тумане
_eсказки
_e[для дошк. возраста]
_fС. Козлов
_gхудож. И. Кострина
210 _aМ.
_cАстрель
_cАСТ
_d2004
_eМинск
_gБелорусский Дом печати
215 _a62, [2] с.
_cцв. ил.
_d17
225 1 _aПланета детства
610 0 _aДетская литература
686 _aШ9(2)6=Р70-2
_2rubbk
686 _aШ9(2)60=Р7-2
700 1 _4070
_7ca
_8rus
_aКозлов
_bС. Г.
_cдетский писатель
_f1939-2010
_gСергей Григорьевич
_9110744
_3RU\NLR\auth\77703
801 0 _aRU
_bRuMoRKP
_c20050315
_grcr
801 1 _aRU
_bRuMoRGB
_c20050315
801 2 _aRU
_bNLR
_c20050708
_gPSBO
830 _aАвт. по кн.
942 _cBOOK
980 _aNB